แสดงรายละเอียดบรรณานุกรม
  กลับหน้าหลัก

Brief Record : Get Marc (ISO 2709) : E-mail record : QR code ปิดหน้าต่าง
LEADER 00000nama 2200000uu 4500
008    040531s2519 th m m a000 0 tha d
041    tha tha
050    HB179 ธ241ถ QS4 ก729ค 2519
100    ธนาคารแห่งประเทศไทย.สาขาภาคตะวันออกเฉียงเหนือ กุศล ศรีอุทัย
245    ถาม - ตอบ เกี่ยวกับเศรษฐกิจไทย / ธนาคารแห่งประเทศไทย 001 คู่มือกายวิภาคศาสตร์และสรีรวิทยา : คู่มือครู 001
250    5
260    ขอนแก่น ธนาคารแห่งประเทศไทย 2541 นครราชสีมา ภาควิชาจุลชีววิทยา คณะแพทยศาสตร์ 2519
300    64 หน้า 195 หน้า
650    เศรษฐกิจ - ไทย กายวิภาคศาสตร์
998    1998-09-18 1998-05-06
รายการนี้ยังไม่มีแท็ก
คุณยังไม่ได้ล็อกอิน คุณสามารถมีกิจกรรมร่วมกับเว็บไซต์ได้ แต่ต้องล็อกอินก่อน ::
  ล็อกอิน
ลำดับที่ ประเภท เลขเรียก สถานที่ สถานะ
1. หนังสือทั่วไป
หนังสือทั่วไป
HB179 ธ241ถ QS4 ก729ค 2519  
  
หนังสือทั่วไป On Shelf
  ขอยืม
   [แสดง 1/1 รายการ]

BibComment


ยังไม่เคยถูกคอมเมนท์

คอมเมนท์ทรัพยากรรายการนี้
  คอมเมนท์: ถาม ตอบ เกี่ยวกั..
Bib 205321

 
 
 

 Union Library Management : ULibM
Copyright 2026. All Rights Reserved.
скачать бесплатно без регистрации порно красивый секс HD Sex Hindi sex

xxx gou

xxxx

bfxxx

xxxwww

Секса Видео

xxxx

Секса Видео

detube

geilexxx

C99 Shell

worms shell

blod xxx video
Ebony Coed Rihanna Rimes Takes A Dick In Her Young Twat priyaa indian fuck anal and pusssy hardcore indian women xxx desi hardcore fucking part 1 bengalixxxcouple